| 000 | 01288nam a22003857a 4500 | ||
|---|---|---|---|
| 001 | 000099775 | ||
| 003 | CHAP | ||
| 005 | 20220329143420.0 | ||
| 008 | 090525s2008 mx r 00010 spa d | ||
| 010 | _a96239 | ||
| 011 | _a97211 | ||
| 020 | _a9789706863843 | ||
| 035 | _a107874 | ||
| 040 | _cCHAP | ||
| 082 | 0 | 4 |
_a001.42 _bE75 2008 |
| 100 | 0 | 0 |
_aEyssautier de la Mora, Maurice. _939227 |
| 245 | 1 | 0 |
_aMetodología de la investigación : _bdesarrollo de la inteligencia / _cpor Maurice Eyssautier de la Mora. |
| 250 | _a5 ed. | ||
| 260 |
_aMéxico, D.F. : _bCengage Learning, _c2008. |
||
| 300 |
_a326 p. : _bcuadros, tablas. |
||
| 590 |
_aBATCH-UPD _b10 _c20130110 _lUCH01 _h0632 |
||
| 590 |
_aBATCH-UPD _b10 _c20130410 _lUCH01 _h0315 |
||
| 590 |
_aBATCH-UPD _b10 _c20130914 _lUCH01 _h1339 |
||
| 590 |
_aCONVERSION _b10 _c20130109 _lUCH01 _h1353 |
||
| 590 |
_aE5995AHE _b05 _c20150610 _lUCH01 _h1415 |
||
| 590 |
_aE5995AHE _b05 _c20150610 _lUCH01 _h1418 |
||
| 590 |
_aE5995AHE _b05 _c20150611 _lUCH01 _h0851 |
||
| 590 |
_aE5995AHE _b05 _c20150611 _lUCH01 _h0853 |
||
| 650 | 1 | 4 |
_aInvestigación _xMetodología. _960237 |
| 901 | _aBK | ||
| 911 | _aen proceso | ||
| 942 | _cLIBRO | ||
| 942 | _n0 | ||
| 949 |
_a001.42 Ey75 2008 _bBC _cLIBRO _d33724002091827 _eLIBRO _gI.c/e _h110808 _i107874 _si _t$205.00 |
||
| 999 |
_c96239 _d96239 |
||